Vista normal Vista MARC

Entrada Topical Term

Número de registros utilizados en: 1

001 - CONTROL NUMBER

  • control field: 38992

003 - CONTROL NUMBER IDENTIFIER

  • control field: OSt

005 - DATE AND TIME OF LATEST TRANSACTION

  • control field: 20210802152925.0

008 - FIXED-LENGTH DATA ELEMENTS

  • fixed length control field: 210802|| aca||aabn | a|a d

040 ## - CATALOGING SOURCE

  • Original cataloging agency: OSt
  • Transcribing agency: OSt

150 ## - HEADING--TOPICAL TERM

  • Topical term or geographic name entry element: Moneda

670 ## - SOURCE DATA FOUND

  • Source citation: Work cat.: (OSt)8209: Friedman, Milton, 5319 autor, Moneda y desarrollo económico / , 1979